Oathbreaker /

From the world of Dreaming Death, we follow Amal, Lady Horn as she and her guards try to preserve one of the great secrets of Larossa: an abandoned Fortress. Amal, the chief of the Oathbreakers, is one of only a handful of people aware of the true dangers the abandoned Fortress of Salonen presents....

Full description

Bibliographic Details
Main Author: Cheney, J. Kathleen (Author)
Format: Book
Language:English
Published: [United States] : EQP Books, [2016]
Edition:Proof.
Series:Cheney, J. Kathleen. Horn ; bk. 1.
Subjects:

MARC

Tag First Indicator Second Indicator Subfields
LEADER 00000cam a2200000Ii 4500
001 in00003988913
005 20181024144053.0
008 180828t20162016xxu 000 1 eng d
020 |a 9781542442213  |q (pbk.) 
020 |a 1542442214  |q (pbk.) 
035 |a (OCoLC)on1050113295 
035 |a (OCoLC)1050113295 
040 |a TXA  |b eng  |e rda  |c TXA  |d UtOrBLW 
049 |a TXAM 
090 |a PS3603.H4574  |b O37 2016b 
100 1 |a Cheney, J. Kathleen,  |e author.  |0 http://id.loc.gov/authorities/names/n2013034336 
245 1 0 |a Oathbreaker /  |c J. Kathleen Cheney. 
246 3 |a Oath breaker 
250 |a Proof. 
264 1 |a [United States] :  |b EQP Books,  |c [2016] 
264 4 |c ©2016 
300 |a 313 pages ;  |c 21 cm 
336 |a text  |b txt  |2 rdacontent 
337 |a unmediated  |b n  |2 rdamedia 
338 |a volume  |b nc  |2 rdacarrier 
490 1 |a The horn ;  |v book 1 
520 |a From the world of Dreaming Death, we follow Amal, Lady Horn as she and her guards try to preserve one of the great secrets of Larossa: an abandoned Fortress. Amal, the chief of the Oathbreakers, is one of only a handful of people aware of the true dangers the abandoned Fortress of Salonen presents. The Cince Empire wants its secrets, and will do anything to get someone inside. Now the Horn Family must decide whether to wake the sleeping Fortress so it can defend itself against the Cince...or kill it forever. Dalyan doesn't know why he was sent to find the abandoned Fortress, what makes it worth the time his masters invested in training him. When the Horn arrest him for trespassing on the glacier beneath it, he goes with them willingly enough. After all, he didn't return to his masters on schedule, and now they're trying to kill him. But more than that, he feels drawn to the abandoned Fortress, as if he belongs there...  |c Publisher. 
541 0 |a Donated by J. Kathleen Cheney  |d 20180814 
650 0 |a Magic  |v Fiction.  |0 http://id.loc.gov/authorities/subjects/sh2008107174 
650 0 |a Dreams  |v Fiction.  |0 http://id.loc.gov/authorities/subjects/sh2008102340 
650 0 |a Death  |v Fiction.  |0 http://id.loc.gov/authorities/subjects/sh2008102068 
650 7 |a Death.  |2 fast  |0 (OCoLC)fst00888613 
650 7 |a Dreams.  |2 fast  |0 (OCoLC)fst01198490 
650 7 |a Magic.  |2 fast  |0 (OCoLC)fst01005468 
655 7 |a Fantasy fiction.  |2 lcgft  |0 http://id.loc.gov/authorities/genreForms/gf2014026333 
655 7 |a Fantasy fiction.  |2 fast  |0 (OCoLC)fst01726607 
655 7 |a Fiction.  |2 fast  |0 (OCoLC)fst01423787 
800 1 |a Cheney, J. Kathleen.  |t Horn ;  |v bk. 1. 
994 |a C0  |b TXA 
948 |a cataloged  |b h  |c 2018/8/28  |d o  |e nbehmer  |f 11:39:25 am 
999 f f |s d041d0e6-e413-3e42-9f2f-f33579535618  |i 70891c80-9c3b-36e7-8f97-09a2c994020c  |t 0 
952 f f |p noncirc  |a Texas A&M University  |b College Station  |c Cushing Memorial Library & Archives  |d Cushing: Science Fiction (Does not check out)  |t 0  |e PS3603.H4574 O37 2016b  |h Library of Congress classification  |i unmediated -- volume 
998 f f |a PS3603.H4574 O37 2016b  |t 0  |l Cushing: Science Fiction (Does not check out)